| 000 | 00361nam a22001457a 4500 | ||
|---|---|---|---|
| 999 |
_c523926 _d523926 |
||
| 003 | NUST | ||
| 038 | _awaseem | ||
| 082 |
_a491.42 _bBRE |
||
| 100 |
_aO'Brein, Edward _914753 |
||
| 245 |
_aGlossary of the Multani Language / _cEdward O'Brein |
||
| 260 |
_aMultan : _bSiraiki Adabi Board, _c2002. |
||
| 300 | _a379 p. ; | ||
| 500 | _aHardcover. | ||
| 942 |
_2ddc _cBK |
||